| 000 | 00956nam a22002417a 4500 | ||
|---|---|---|---|
| 999 |
_c19093 _d19093 |
||
| 003 | AR-CdUCM | ||
| 008 | 190225b ||||| |||| 00| 0 spa d | ||
| 040 |
_aMUNICIPALIDAD PROVINCIAL DEL CUSCO _cBIBLIOTECA MUNICIPAL DEL CUSCO |
||
| 082 |
_a980 / _bF34 |
||
| 110 |
_aAcademia de Ciencias de la URRS _92868 |
||
| 245 |
_aLos Pueblos autóctonos de América Latina: _bPasado y presente, Tomo I / |
||
| 260 |
_aMoscú : _bAcademia de Ciencias de la URSS, _c1984 |
||
| 300 |
_a206 páginas ; _c23 cm. |
||
| 505 | _aContenido : Introducción : Estudios indigenistas en la URSS -- Tipo racial del aborigen de américa latina -- Particularidades antropológicas de la población indígena de Guayana ... | ||
| 650 |
_aHistoria _9136 |
||
| 650 |
_aAmérica Latina _91130 |
||
| 650 |
_aGuayana _940217 |
||
| 700 |
_aFedoseev, P. _92872 |
||
| 700 |
_aGrigulevich, J. _92873 |
||
| 700 |
_aMaiorov, E. _92874 |
||
| 942 |
_2ddc _cLIBROS |
||
| 945 |
_arah _d2019/05/16 |
||